01115 2200457 4500001002100000005001500021035002000036007000300056008004100059020002200100082001500122084002100137100002800158245007100186250001500257300004100272264003000313336002100343337003000364338002300394990001200417990001200429990001200441990001200453990001200465990001200477990001200489990001200501990001200513990001200525990001200537990001200549990001200561990001200573990001200585990001200597990001200609990001200621990001200633990001200645INLIS00000000000067620260112081626 a0010-0126000016ta260112 0 ind  a978-623-01-3467-8 a621.94.076 a621.94.076 SUS t0 aSusi SusantiePengarang1 aTeknik Pemesinan Bubut :bSMK/MAK Kelas XII Fase F /cSusi Susanti aed 1 cet 1 axiv + 192 hlm :bilus ;c17,6 x 25cm aYogyakarta :bAndi,c2025 2rdacontentateks 2rdamediaatanpa perantara 2rdacarrieravolume a25.1811 a25.1812 a25.1813 a25.1814 a25.1815 a25.1816 a25.1817 a25.1818 a25.1819 a25.1820 a25.1821 a25.1822 a25.1823 a25.1824 a25.1825 a25.1826 a25.1827 a25.1828 a25.1829 a25.1830